Statystyki dla Rozpoznaj piłkarza po transferach(trudne)#4

Kliknij tutaj aby rozwiązać quiz!

Ogólne statystyki

  • Ten quiz został rozwiązany 47 razy
  • Średni wynik to 5 z 10

Statystyki odpowiedzi

HintOdpowiedź% Poprawnych
FC Midtjylland->Palermo FC->VfL Wolfsburg->AS Roma->LOSC Lille->Fenerbahce SK->Sevilla->Atalanta Bergamo->Sevilla->AC Milan->Simon Kjaer
78%
Desna Czernigów->Dynamo Kijów->Borussia Dortmund->West Ham UnitedAndriy Yarmolenko
71%
Club Atlético Rosario Central->PSG->Club Atlético Rosario Central->PSG->Real Betis ->PSG->Real Betis->Tottenham Hotspur->Real Betis ->Tottenham HotspurGiovani Lo Celso
56%
Venezia Giovanili->Palermo FC->US Cremonese->Palermo FC->US Anconitana->Palermo FC->PSG->Sevilla->PSG->CA Osasuna->PSG->TorinoSalvatore Sirigu
56%
Sporting CP->CD Fátima->Sporting CP->Cercle Brügge->Sporting CP->Real BetisWilliam Carvalho
53%
Standard Liège->MVV Maastricht->AGOVV Apeldoorn->FC Twente Enschede->Tottenham Hotspur->West Bromwich Albion->AS Monaco->RSC Anderlecht->AS Monaco->BasaksehirNacer Chadli
36%
Swansea City->Wrexham AFC->Swansea City->Liverpool->Stoke CityJoe Allen
33%
FC Den Bosch->PSV Eindhoven->Chelsea FC->Coventry City->Chelsea FC->Newcastle United->Chelsea FC->Leicester City->Chelsea FC->Wigan Athletic->Chelsea FC->Vitesse Arnhem->Chelsea FC->AFC Sunderland->Crystal PalacePatrick van Aanholt
29%
AC Le Havre->Olympique Marseille->AC Le Havre->Olympique Marseille->Crystal Palace->Olympique MarseilleSteve Mandanda
29%
Real Madryt->Getafe CF->Cultural Leonesa->Getafe->Norwich City->Aston VillaEmiliano Buendia
20%

Rozkład punktacji

Percentyl według liczby udzielonych odpowiedzi

Procent ludzi z każdym wynikiem

Twoja historia wyników

Nie rozwiązałeś tego quizu